Lehrbuch Informatik Vorkurs Programmieren, Geschichte und Begriffsbildung, Automatenentwurf

Podrobná bibliografia
Hlavný autor: Hromkovič, Juraj, 1958- (Autor)
Médium: Kniha
Jazyk:nemčina
Fyzický popis:512 s. ilustr. 24 cm
Vydavateľské údaje: Wiesbaden Vieweg + Teubner 2008
ISBN:9783834806208
Vydanie:1. Aufl.
Edícia:Studium
Predmet:

MARC

LEADER 00000nam a2200000 a 4500
001 vtls009456650
003 SK-MaSNL
005 20260302043501.0
008 240314s2008 gw a 000 0 ger
015 |a SNBZSA2010-00342 
020 |a 9783834806208  |q (brož.) 
035 |a urn:nbn:sk:snk-am00a0t2 
035 |a urn:nbn:sk:snk-am3hcic 
035 |a 84571D77-962F-4FBE-9F32-C954E74B9305 
040 |a SNK  |b slo  |c SNK  |e AACR2 
041 0 |a ger 
044 |a gw  |c DE 
072 7 |a 004  |x Počítačová veda. Výpočtová technika. Informačné technológie  |2 konpsekt 
080 |a 004  |x (075)  |2 2001 
100 1 |a Hromkovič, Juraj,  |d 1958-  |4 aut  |9 103320 
245 1 0 |a Lehrbuch Informatik  |b Vorkurs Programmieren, Geschichte und Begriffsbildung, Automatenentwurf  |c Juraj Hromkovič 
250 |a 1. Aufl. 
260 |a Wiesbaden  |b Vieweg + Teubner  |c 2008 
300 |a 512 s.  |b ilustr.  |c 24 cm 
490 1 |a Studium 
650 0 7 |a informatika  |2 snkph  |9 1124 
655 7 |a učebnice  |2 snkph  |9 22521 
830 0 |a Studium  |9 304026 
919 |a 978-3-8348-0620-8 
958 |a ZS 
999 |c 1086796  |d 1088726 
952 |a SNK  |b SNK  |y PREZ  |7 0  |p 17A0610440  |o snkSC 134443  |i snk2009/2017  |8 2  |g 29.94  |0 0  |1 0  |4 0  |d 2008-12-19  |f 1  |l 0  |r 2025-06-30 00:00:00  |w 2026-02-24